| 000 | 00917nam a2200265Ia 4500 | ||
|---|---|---|---|
| 003 | OSt | ||
| 005 | 20221005103828.0 | ||
| 006 | a|||||r|||| 00| 0 | ||
| 007 | ta | ||
| 008 | 221004b |||||||| |||| 00| 0 san d | ||
| 020 |
_a9788178542331 (hbk) _c1650 |
||
| 024 | _a2420 | ||
| 037 |
_b298, 30/11/2012, Eastern Book Linkers _cTextual |
||
| 040 |
_aCRL _cCRL _bsan |
||
| 041 |
_2san _asan |
||
| 082 | _aQ1:g(Y15), 152Q2 | ||
| 100 | _aघोड्ढ, इला | ||
| 245 | 0 | _aवैदिक संस्कृति संरचना | |
| 246 | _aVaidik sanskṛuti sanrachanā | ||
| 260 |
_aदिल्ली _bईस्टर्न बुक लिंकर्स भारत _c2012 |
||
| 300 |
_a383पृ0 _ccm. |
||
| 650 | _aधर्म | ||
| 942 |
_hQ1:g(Y15), 152Q2 _cTEXL _2cc |
||
| 999 |
_c1011040 _d1011040 |
||